000
00304nam a2200109Ia 4500
008
171211s9999 xx 000 0 und d
245
_a
What the IRS Doesn't Want You to Know
245
_c
Martin S. Kaplan
260
_c
2003
650
_x
ECONOMICS
856
_u
http://down.ebook777.com/062/0471449725.pdf
999
_c
349618
_d
349618